Les Pokémon de la Quatrième Génération dans l'ordre - Statistiques

Statistiques générales
  • Ce quiz a été pris 90 fois
  • Le résultat moyen est 54 sur 107
Statistiques - réponses
# Nom % Correct
0387 Tortipouss
100%
0389 Torterra
97%
0388 Boskara
94%
0390 Ouisticram
94%
0391 Chimpenfeu
89%
0395 Pingoleon
89%
0394 Prinplouf
89%
0392 Simiabraz
89%
0393 Tiplouf
89%
0398 Etouraptor
86%
0396 Etourmi
86%
0397 Etourvol
86%
0400 Castorno
83%
0399 Keunotor
83%
0401 Crikzik
69%
0402 Melokrik
69%
0403 Lixy
67%
0404 Luxio
67%
0405 Luxray
67%
0407 Roserade
61%
0406 Rozbouton
61%
0411 Bastiodon
58%
0409 Charkos
58%
0413 Cheniselle
58%
0412 Cheniti
58%
0410 Dinoclier
58%
0408 Kranidos
58%
0414 Papilord
58%
0416 Apireine
56%
0415 Apitrini
56%
0420 Ceribou
56%
0421 Ceriflor
56%
0418 Mustebouée
56%
0419 Musteflott
56%
0425 Baudrive
53%
0426 Grodrive
53%
0427 Laporeille
53%
0428 Lockpin
53%
0417 Pachirisu
53%
0422 Sancoki
53%
0423 Tritosor
53%
0432 Chaffreux
50%
0431 Chaglam
50%
0433 Korillon
50%
0437 Archeodong
47%
0436 Archeomire
47%
0424 Capidextre
47%
0430 Corboss
47%
0483 Dialga
47%
0487 Giratina
47%
0429 Magireve
47%
0484 Palkia
47%
0441 Pijako
47%
0445 Carchacrok
44%
0444 Carmache
44%
0482 Crefadet
44%
0481 Crefollet
44%
0480 Crehelf
44%
0488 Cresselia
44%
0443 Griknot
44%
0438 Manzai
44%
0435 Moufflair
44%
0434 Moufouette
44%
0440 Ptiravi
44%
0493 Arceus
42%
0485 Heatran
42%
0450 Hippodocus
42%
0449 Hippopotas
42%
0448 Lucario
42%
0439 Mime Jr.
42%
0447 Riolu
42%
0492 Shaymin
42%
0460 Blizzaroi
39%
0459 Blizzi
39%
0491 Darkrai
39%
0456 Ecayon
39%
0446 Goinfrex
39%
0457 Lumineon
39%
0490 Manaphy
39%
0479 Motisma
39%
0477 Noctunoir
39%
0489 Phione
39%
0486 Regigigas
39%
0442 Spiritomb
39%
0458 Babimanta
36%
0454 Coatox
36%
0453 Cradopaud
36%
0461 Dimoret
36%
0452 Drascore
36%
0471 Givrali
36%
0478 Momartik
36%
0451 Rapion
36%
0455 Vortente
36%
0463 Coudlangue
33%
0466 Elekable
33%
0475 Gallame
33%
0467 Maganon
33%
0462 Magnezone
33%
0470 Phyllali
33%
0476 Tarinorme
33%
0473 Mammochon
31%
0474 Porygon Z
31%
0464 Rhinastoc
31%
0472 Scorvol
31%
0468 Togekiss
28%
0465 Bouldeneu
25%
0469 Yanmega
22%
Aucun quiz correspondant
Distribution des résultats
% des personnes avec chaque résultat
Percentile par nombre de réponses
Votre historique - résultats
Vous n’avez pas pris ce quiz